<?xml version="1.0" encoding="UTF-8"?>
<collection xmlns="http://www.loc.gov/MARC21/slim">
<record>
  <controlfield tag="001">1461</controlfield>
  <datafield tag="088" ind1=" " ind2=" ">
    <subfield code="a">0083</subfield>
  </datafield>
  <datafield tag="260" ind1=" " ind2=" ">
    <subfield code="c">1888</subfield>
  </datafield>
  <datafield tag="650" ind1="1" ind2="7">
    <subfield code="a">CA Illust Series</subfield>
  </datafield>
  <datafield tag="520" ind1=" " ind2=" ">
    <subfield code="a">California Fruit Growers entertaining Eastern friends. From California Illustrated Series, Vol  1, Plate IX (Photo  2345A). 1888. The ranch of F. N. Wertner with relatives from New Bedford, Mass. (Also see  0132 - 0194)</subfield>
  </datafield>
  <datafield tag="980" ind1=" " ind2=" ">
    <subfield code="a">43905848739</subfield>
  </datafield>
  <datafield tag="960" ind1=" " ind2=" ">
    <subfield code="a">hc</subfield>
  </datafield>
</record>
</collection>